[Event "Budha Bhandari Memorial"]
[Site "Budhanilkantha"]
[Date "2019.11.13"]
[Round "8"]
[White "Dangi, Mani Raj"]
[Black "Timalsina, Khom Prasad"]
[Result "1-0"]
[WhiteElo "1619"]
[BlackElo "1464"]
[PlyCount "33"]
[EventDate "2019.11.09"]
[EventType "swiss"]
[EventRounds "9"]
[EventCountry "NEP"]
[SourceTitle "CBM 193 Extra"]
[Source "ChessBase"]
[SourceDate "2020.01.31"]
[SourceVersion "1"]
[SourceVersionDate "2020.01.31"]
[SourceQuality "1"]

1. e4 e5 2. Nf3 Nc6 3. d4 exd4 4. Bc4 Bc5 5. 0-0 d6 6. c3 dxc3 7. e5 dxe5 8. Qb3 Qe7 9. Nxc3 Nd4 10. Nxd4 Bxd4 11. Nd5 Qd7 12. Bg5 f6 13. Be3 Bxe3 14. Nxe3 c6 15. Rad1 Qc7 16. Bxg8 Qe7 17. Rd2 1-0

[Event "Budha Bhandari Memorial"]
[Site "Budhanilkantha"]
[Date "2019.11.12"]
[Round "6"]
[White "Maharjan, Prem Krishna"]
[Black "Timalsina, Khom Prasad"]
[Result "1/2-1/2"]
[WhiteElo "1906"]
[BlackElo "1464"]
[PlyCount "52"]
[EventDate "2019.11.09"]
[EventType "swiss"]
[EventRounds "9"]
[EventCountry "NEP"]
[SourceTitle "CBM 193 Extra"]
[Source "ChessBase"]
[SourceDate "2020.01.31"]
[SourceVersion "1"]
[SourceVersionDate "2020.01.31"]
[SourceQuality "1"]

1. e4 e5 2. Nf3 Nc6 3. Bc4 Bc5 4. Nc3 d6 5. Na4 Bb6 6. c3 Bg4 7. 0-0 Nf6 8. Qe2 0-0 9. Bb3 h6 10. d3 Re8 11. h3 Bh5 12. Nxb6 axb6 13. g4 Bg6 14. Nh4 Ne7 15. f4 exf4 16. Bxf4 Kh7 17. Qg2 Ra5 18. g5 hxg5 19. Bxg5 Neg8 20. Nxg6 fxg6 21. Rf4 Qd7 22. Raf1 Ree5 23. h4 d5 24. exd5 Nxd5 25. Rf7 Qd6 26. Qf3 Ngf6 1/2-1/2